Culture Générale - Série 21 - Statistiques

Statistiques générales
  • Ce quiz a été pris 2 887 fois
  • Le résultat moyen est 4 sur 10
Statistiques - réponses
Question Réponse % Correct
Quelle est la capitale de la Syrie ? Damas
80%
Comment s'appelle le père de Pinocchio ? Gepetto
71%
Dans quelle ville française se trouve la Place Stanislas ? Nancy
53%
En quel animal Pinocchio est-t-il transformé ? Ane
45%
Quel est la capitale du Honduras ? Tegucigalpa
43%
Quel grand fleuve traverse La Syrie ? Euphrate
41%
Comment appelle-t-on les habitants d'Epinal ? Spinaliens
17%
Quelle est la monnaie qui a cours en Syrie ? LIvre
13%
Mot latin signalant un problème Hic
9%
Comment appelle-t-on les habitants d'Epernay ? Sparnaciens
4%
Aucun quiz correspondant
Distribution des résultats
% des personnes avec chaque résultat
Percentile par nombre de réponses
Votre historique - résultats
Vous n’avez pas pris ce quiz